<?xml version="1.0" encoding="UTF-8"?>
<record
    xmlns:xsi="http://www.w3.org/2001/XMLSchema-instance"
    xsi:schemaLocation="http://www.loc.gov/MARC21/slim http://www.loc.gov/standards/marcxml/schema/MARC21slim.xsd"
    xmlns="http://www.loc.gov/MARC21/slim">

  <leader>02688nam a2200553 a 4500</leader>
  <controlfield tag="005">20240429113243.0</controlfield>
  <controlfield tag="008">100310s2012||||sp a   f |||| 001 0 spa d</controlfield>
  <datafield tag="020" ind1=" " ind2=" ">
    <subfield code="a">9788415684091</subfield>
  </datafield>
  <datafield tag="041" ind1=" " ind2=" ">
    <subfield code="a">spa</subfield>
  </datafield>
  <datafield tag="092" ind1=" " ind2=" ">
    <subfield code="c">617.7</subfield>
    <subfield code="l">28</subfield>
    <subfield code="s">GER</subfield>
  </datafield>
  <datafield tag="100" ind1="1" ind2=" ">
    <subfield code="a">Gerstenblith, Adam T.</subfield>
    <subfield code="e">Editor</subfield>
    <subfield code="9">2566</subfield>
  </datafield>
  <datafield tag="245" ind1=" " ind2=" ">
    <subfield code="a">Manual de oftalmolog&#xED;a del Wills Eye Institute.</subfield>
    <subfield code="b">Diagn&#xF3;stico y tratamiento de la enfermedad ocular en la consulta y en urgencias /</subfield>
    <subfield code="c">Adam T. Gerstenblith</subfield>
  </datafield>
  <datafield tag="250" ind1=" " ind2=" ">
    <subfield code="a">6a ed. en espa&#xF1;ol de la obra original en ingl&#xE9;s</subfield>
    <subfield code="b">Revisi&#xF3;n cient&#xED;fica Jos&#xE9; R. Fontenla</subfield>
  </datafield>
  <datafield tag="260" ind1=" " ind2=" ">
    <subfield code="a">Barcelona: </subfield>
    <subfield code="b">Wolters Kluwer ; Lippincott y Williams &amp; Wilkins; </subfield>
    <subfield code="c">2012.</subfield>
  </datafield>
  <datafield tag="300" ind1=" " ind2=" ">
    <subfield code="a">470 p.</subfield>
    <subfield code="b">il.</subfield>
  </datafield>
  <datafield tag="500" ind1=" " ind2=" ">
    <subfield code="a">Gerstenblith, A. T. y Rabinovwitz, M. P. (Eds.). (2012). Manual de oftalmolog&#xED;a del Wills Eye Institute. Diagn&#xF3;stico y tratamiento de la enfermedad ocular en la consulta y en urgencias. (6a ed.). Barcelona : Wolters Kluwer Lippincott ; Williams &amp; Wilkins.</subfield>
  </datafield>
  <datafield tag="653" ind1=" " ind2=" ">
    <subfield code="a">Diagn&#xF3;stico diferencial de los s&#xED;ntomas oculares</subfield>
  </datafield>
  <datafield tag="653" ind1=" " ind2=" ">
    <subfield code="a">Diagn&#xF3;stico de los signos oculares</subfield>
  </datafield>
  <datafield tag="653" ind1=" " ind2=" ">
    <subfield code="a">Traumatismos</subfield>
  </datafield>
  <datafield tag="653" ind1=" " ind2=" ">
    <subfield code="a">C&#xF3;rnea</subfield>
  </datafield>
  <datafield tag="653" ind1=" " ind2=" ">
    <subfield code="a">Enfermedades de la conjuntiva/ escler&#xF3;tica/ iris/ anexos</subfield>
  </datafield>
  <datafield tag="653" ind1=" " ind2=" ">
    <subfield code="a">P&#xE1;rpado</subfield>
  </datafield>
  <datafield tag="653" ind1=" " ind2=" ">
    <subfield code="a">Orbita</subfield>
  </datafield>
  <datafield tag="653" ind1=" " ind2=" ">
    <subfield code="a">Pediatr&#xED;a</subfield>
  </datafield>
  <datafield tag="653" ind1=" " ind2=" ">
    <subfield code="a">Glaucoma</subfield>
  </datafield>
  <datafield tag="653" ind1=" " ind2=" ">
    <subfield code="a">Neurooftalmolog&#xED;a</subfield>
  </datafield>
  <datafield tag="653" ind1=" " ind2=" ">
    <subfield code="a">Retina</subfield>
  </datafield>
  <datafield tag="653" ind1=" " ind2=" ">
    <subfield code="a">Uve&#xED;tis</subfield>
  </datafield>
  <datafield tag="653" ind1=" " ind2=" ">
    <subfield code="a">Problemas oft&#xE1;lmicos generales</subfield>
  </datafield>
  <datafield tag="653" ind1=" " ind2=" ">
    <subfield code="a">Modalidad de imagen en oftalmolog&#xED;a</subfield>
  </datafield>
  <datafield tag="653" ind1=" " ind2=" ">
    <subfield code="a">Apendice 1: colirios para dilataci&#xF3;n</subfield>
  </datafield>
  <datafield tag="653" ind1=" " ind2=" ">
    <subfield code="a">Apendice 2: profilaxis antitet&#xE1;nica</subfield>
  </datafield>
  <datafield tag="653" ind1=" " ind2=" ">
    <subfield code="a">Apendice 3: pruebas con ojo tapado o destapado y tapado alternativamente</subfield>
  </datafield>
  <datafield tag="653" ind1=" " ind2=" ">
    <subfield code="a">Apendice 4: prueba de la rejilla de Amsler</subfield>
  </datafield>
  <datafield tag="653" ind1=" " ind2=" ">
    <subfield code="a">Apendice 5: prueba de Seidel para detectar p&#xE9;rdidas en una herida</subfield>
  </datafield>
  <datafield tag="653" ind1=" " ind2=" ">
    <subfield code="a">Apendice 6: prueba de ducci&#xF3;n forzada y prueba de generaci&#xF3;n de fuerza activa</subfield>
  </datafield>
  <datafield tag="653" ind1=" " ind2=" ">
    <subfield code="a">Apendice 7: t&#xE9;cnica para el sondaje diagn&#xF3;stico y la irrigaci&#xF3;n del sistema lagrimal</subfield>
  </datafield>
  <datafield tag="653" ind1=" " ind2=" ">
    <subfield code="a">Apendice 8: t&#xE9;cnica de cultivo corneal</subfield>
  </datafield>
  <datafield tag="653" ind1=" " ind2=" ">
    <subfield code="a">Apendice 9: antibi&#xF3;ticos y antimic&#xF3;ticos t&#xF3;picos reforzados</subfield>
  </datafield>
  <datafield tag="653" ind1=" " ind2=" ">
    <subfield code="a">Apendice 10: t&#xE9;cnica de inyecciones retrobulbares, subtenonianas y subconjuntivales</subfield>
  </datafield>
  <datafield tag="653" ind1=" " ind2=" ">
    <subfield code="a">Apendice 11: punci&#xF3;n e inyecci&#xF3;n intrav&#xED;treas</subfield>
  </datafield>
  <datafield tag="653" ind1=" " ind2=" ">
    <subfield code="a">Apendice 12: antibi&#xF3;ticos antiv&#xED;treos</subfield>
  </datafield>
  <datafield tag="653" ind1=" " ind2=" ">
    <subfield code="a">Apendice 13: paracentesis de la c&#xE1;mara anterior</subfield>
  </datafield>
  <datafield tag="653" ind1=" " ind2=" ">
    <subfield code="a">Apendice 14: clasificaci&#xF3;n del &#xE1;ngulo</subfield>
  </datafield>
  <datafield tag="653" ind1=" " ind2=" ">
    <subfield code="a">Apendice 15: iridotom&#xED;a perif&#xE9;rica con l&#xE1;ser de YAG</subfield>
  </datafield>
  <datafield tag="653" ind1=" " ind2=" ">
    <subfield code="a">Apendice 16: capsulotom&#xED;a con l&#xE1;ser de YAG</subfield>
  </datafield>
  <datafield tag="700" ind1="1" ind2=" ">
    <subfield code="a">Rabinovwitz, Michael P.</subfield>
    <subfield code="9">2567</subfield>
    <subfield code="e">Ed.</subfield>
  </datafield>
  <datafield tag="942" ind1=" " ind2=" ">
    <subfield code="2">ddc</subfield>
    <subfield code="c">BK</subfield>
  </datafield>
  <datafield tag="999" ind1=" " ind2=" ">
    <subfield code="c">1601</subfield>
    <subfield code="d">1601</subfield>
  </datafield>
  <datafield tag="952" ind1=" " ind2=" ">
    <subfield code="0">0</subfield>
    <subfield code="1">0</subfield>
    <subfield code="2">ddc</subfield>
    <subfield code="4">0</subfield>
    <subfield code="7">0</subfield>
    <subfield code="8">REF</subfield>
    <subfield code="a">BFM</subfield>
    <subfield code="b">BFM</subfield>
    <subfield code="c">REF</subfield>
    <subfield code="d">2013-07-29</subfield>
    <subfield code="g">660.00</subfield>
    <subfield code="l">1</subfield>
    <subfield code="o">617.7 28 GER</subfield>
    <subfield code="p">3049</subfield>
    <subfield code="r">2015-03-12</subfield>
    <subfield code="s">2015-02-23</subfield>
    <subfield code="t">ej.1</subfield>
    <subfield code="w">2013-07-29</subfield>
    <subfield code="y">REF</subfield>
    <subfield code="z">LIBRO DE CONSULTA. COMPRA PROMED, 2DO A&#xD1;O. JULIO 2013</subfield>
  </datafield>
  <datafield tag="952" ind1=" " ind2=" ">
    <subfield code="0">0</subfield>
    <subfield code="1">0</subfield>
    <subfield code="2">ddc</subfield>
    <subfield code="4">0</subfield>
    <subfield code="7">0</subfield>
    <subfield code="a">BFM</subfield>
    <subfield code="b">BFM</subfield>
    <subfield code="c">CR</subfield>
    <subfield code="d">2013-07-29</subfield>
    <subfield code="g">660.00</subfield>
    <subfield code="l">17</subfield>
    <subfield code="m">2</subfield>
    <subfield code="o">617.7 28 GER</subfield>
    <subfield code="p">3050</subfield>
    <subfield code="r">2019-08-22</subfield>
    <subfield code="s">2019-08-20</subfield>
    <subfield code="t">ej.2</subfield>
    <subfield code="w">2013-07-29</subfield>
    <subfield code="y">BK</subfield>
    <subfield code="z">COMPRA PROMED, 2DO A&#xD1;O. JULIO 2013</subfield>
  </datafield>
  <datafield tag="952" ind1=" " ind2=" ">
    <subfield code="0">0</subfield>
    <subfield code="1">0</subfield>
    <subfield code="2">ddc</subfield>
    <subfield code="4">0</subfield>
    <subfield code="7">0</subfield>
    <subfield code="a">BFM</subfield>
    <subfield code="b">BFM</subfield>
    <subfield code="c">CR</subfield>
    <subfield code="d">2013-07-29</subfield>
    <subfield code="g">660.00</subfield>
    <subfield code="l">9</subfield>
    <subfield code="m">3</subfield>
    <subfield code="o">617.7 28 GER</subfield>
    <subfield code="p">3051</subfield>
    <subfield code="r">2017-03-01</subfield>
    <subfield code="s">2016-12-16</subfield>
    <subfield code="t">ej.3</subfield>
    <subfield code="w">2013-07-29</subfield>
    <subfield code="y">BK</subfield>
    <subfield code="z">COMPRA PROMED, 2DO A&#xD1;O. JULIO 2013</subfield>
  </datafield>
</record>
